[Event "Montcalm 1 2023-24"]
[Site "Quebec CAN"]
[Date "2023.09.28"]
[Round "4"]
[White "Cournoyer, Dominic"]
[Black "Fecteau, Martin"]
[Result "0-1"]
[WhiteElo "1922"]
[BlackElo "1914"]
[PlyCount "76"]
[EventDate "2023.09.07"]
[EventType "swiss"]
[EventRounds "5"]
[EventCountry "CAN"]

1. c4 e5 2. Nc3 Nc6 3. Nf3 f5 4. d4 e4 5. Ng5 Nf6 6. g3 Be7 7. Bg2 d6 8. O-O
O-O 9. f3 exf3 10. exf3 h6 11. Nh3 Nh7 12. Nf4 Bf6 13. Be3 Ne7 14. Re1 g5 15.
Nfd5 Nxd5 16. Nxd5 Bg7 17. Bc1 Rf7 18. f4 c6 19. fxg5 hxg5 20. Nc3 Bd7 21. d5
c5 22. Qh5 Qf6 23. Be3 Re7 24. Qf3 Rae8 25. Qf2 Qg6 26. Kh1 Nf6 27. h3 Qh5 28.
Bd2 f4 29. gxf4 Bxh3 30. Bxh3 Qxh3+ 31. Qh2 Rxe1+ 32. Rxe1 Rxe1+ 33. Bxe1 Qf3+
34. Qg2 Qxf4 35. Bg3 Qc1+ 36. Kh2 Ng4+ 37. Kh3 Ne3 38. Qf3 g4+ 0-1

[Event "Montcalm 1 2023-24"]
[Site "Quebec CAN"]
[Date "2023.09.28"]
[Round "4"]
[White "Drolet, Stephane"]
[Black "Marquis, Paul"]
[Result "1-0"]
[WhiteElo "2020"]
[BlackElo "1962"]
[PlyCount "113"]
[EventDate "2023.09.07"]
[EventType "swiss"]
[EventRounds "5"]
[EventCountry "CAN"]

1. d4 Nf6 2. Nf3 d6 3. c4 g6 4. Nc3 Bg7 5. e4 O-O 6. h3 e5 7. d5 a5 8. Bd3 Na6
9. Bg5 h6 10. Be3 Ne8 11. Qd2 Kh7 12. g4 Nc5 13. Bc2 Bd7 14. O-O-O Qc8 15. Nh4
Qd8 16. Ng2 Qc8 17. Bxc5 dxc5 18. Ne3 Nd6 19. Qe2 a4 20. a3 Qe8 21. Bd3 Qe7 22.
h4 Rh8 23. h5 Bf6 24. Kb1 Bg5 25. Ng2 Kg7 26. Rdf1 Rae8 27. Bc2 f5 28. gxf5
gxf5 29. f3 f4 30. Rfg1 Kh7 31. Bxa4 Bxa4 32. Nxa4 b6 33. Nc3 Reg8 34. a4 Ra8
35. b3 Rhg8 36. Qf2 Qf6 37. Nb5 Nxb5 38. cxb5 c4 39. Kb2 Qd6 40. Rc1 Rxa4 41.
bxa4 Qb4+ 42. Kc2 Qb3+ 43. Kd2 Qd3+ 44. Ke1 Be7 45. Qe2 Bb4+ 46. Kf1 Qxe2+ 47.
Kxe2 Rxg2+ 48. Kf1 Rg3 49. Rxc4 Bc5 50. Rxc5 bxc5 51. Kf2 Rg8 52. a5 Rb8 53.
Rb1 Kg7 54. Ke2 Kf7 55. Kd3 Ke7 56. Kc4 Kd6 57. Rg1 1-0

[Event "Montcalm 1 2023-24"]
[Site "Quebec CAN"]
[Date "2023.09.28"]
[Round "4"]
[White "Fridmann, Clement"]
[Black "Sauve, Richard"]
[Result "0-1"]
[WhiteElo "1419"]
[BlackElo "1981"]
[PlyCount "42"]
[EventDate "2023.09.07"]
[EventType "swiss"]
[EventRounds "5"]
[EventCountry "CAN"]

1. e4 e6 2. d4 d5 3. e5 c5 4. c3 Nc6 5. Be3 Qb6 6. Qc2 cxd4 7. cxd4 Bd7 8. Nf3
Rc8 9. Nc3 Nh6 10. a3 Nf5 11. Rd1 Be7 12. g4 Nxe3 13. fxe3 Na5 14. Rb1 Nc4 15.
Kf2 f6 16. Bd3 fxe5 17. Bxc4 exd4 18. Na4 dxe3+ 19. Ke2 Qc6 20. b3 dxc4 21. Nd4
Qg2+ 0-1

[Event "Montcalm 1 2023-24"]
[Site "Quebec CAN"]
[Date "2023.09.28"]
[Round "4"]
[White "Genest, Dominic"]
[Black "Mercure, Gilbert"]
[Result "1-0"]
[WhiteElo "1734"]
[BlackElo "1853"]
[PlyCount "77"]
[EventDate "2023.09.07"]
[EventType "swiss"]
[EventRounds "5"]
[EventCountry "CAN"]

1. c4 Nc6 2. g3 e5 3. Bg2 Nf6 4. Nf3 d5 5. cxd5 Nxd5 6. Nc3 Be6 7. O-O Nxc3 8.
bxc3 Bd6 9. d3 f6 10. a4 Qd7 11. Re1 h5 12. h4 Bh3 13. Bh1 Qg4 14. Nh2 Qg6 15.
e4 f5 16. Bg5 f4 17. Bg2 Bxg2 18. Kxg2 fxg3 19. fxg3 Be7 20. Nf3 Qe6 21. d4
O-O-O 22. d5 Qf7 23. Qc1 Rdf8 24. Rf1 Bxg5 25. Qxg5 Na5 26. Nxe5 Qe8 27. Rxf8
Rxf8 28. Rf1 Rg8 29. Rf7 Qxa4 30. Qf5+ Kd8 31. Rf8+ Rxf8 32. Qxf8+ Qe8 33. Qxg7
Nb3 34. Qg5+ Kc8 35. Qf5+ Kb8 36. Nd7+ Ka8 37. e5 a5 38. e6 Ka7 39. Qf7 1-0

[Event "Montcalm 1 2023-24"]
[Site "Quebec CAN"]
[Date "2023.09.28"]
[Round "4"]
[White "Glode, Martin"]
[Black "Perreault, Jacquelin"]
[Result "1/2-1/2"]
[WhiteElo "1899"]
[BlackElo "1732"]
[PlyCount "61"]
[EventDate "2023.09.07"]
[EventType "swiss"]
[EventRounds "5"]
[EventCountry "CAN"]

1. e4 c5 2. c3 Nf6 3. e5 Nd5 4. g3 Nc6 5. Bg2 e6 6. Nf3 d6 7. exd6 Bxd6 8. O-O
O-O 9. d4 cxd4 10. Nxd4 a6 11. Nxc6 bxc6 12. c4 Ne7 13. Nc3 Bb7 14. b3 Be5 15.
Bb2 Qc7 16. Qe2 Bf6 17. Rad1 Rfd8 18. Ne4 Bxb2 19. Qxb2 c5 20. Qa3 Bxe4 21.
Bxe4 Rxd1 22. Rxd1 Ra7 23. Qb2 f5 24. Bg2 Nc6 25. Bxc6 Qxc6 26. Rd8+ Kf7 27.
Qd2 h6 28. Rd6 Qe4 29. Rd7+ Rxd7 30. Qxd7+ Kf6 31. Qd8+ 1/2-1/2

[Event "Montcalm 1 2023-24"]
[Site "Quebec CAN"]
[Date "2023.09.28"]
[Round "4"]
[White "Hasbun, Merick"]
[Black "Oliver, Vance"]
[Result "0-1"]
[WhiteElo "1144"]
[BlackElo "1599"]
[PlyCount "74"]
[EventDate "2023.09.07"]
[EventType "swiss"]
[EventRounds "5"]
[EventCountry "CAN"]

1. e4 d6 2. d4 Nf6 3. Nc3 g6 4. Be3 c6 5. Bd3 Nbd7 6. Nf3 b5 7. e5 dxe5 8. dxe5
Ng4 9. Bf4 Bg7 10. Qe2 Nc5 11. h3 Nxd3+ 12. cxd3 Nh6 13. Qe4 Qb6 14. O-O O-O
15. Rac1 Bf5 16. Qe2 Rfd8 17. d4 Be6 18. Rfd1 Rac8 19. Qd2 Nf5 20. g4 Nxd4 21.
Nxd4 c5 22. Qe2 Bc4 23. Qe1 cxd4 24. b3 Be6 25. Ne2 Rxc1 26. Rxc1 h5 27. f3 d3+
28. Kg2 dxe2 29. Qxe2 hxg4 30. hxg4 Qb7 31. Kg3 Qd7 32. Rh1 f5 33. Qh2 Kf7 34.
Qe2 Qd3 35. Qh2 fxg4 36. Kg2 Qxf3+ 37. Kg1 Rd1# 0-1

[Event "Montcalm 1 2023-24"]
[Site "Quebec CAN"]
[Date "2023.09.28"]
[Round "4"]
[White "Laflamme, Simon"]
[Black "Diotte, Jean-Raymond"]
[Result "1-0"]
[WhiteElo "1893"]
[BlackElo "1353"]
[PlyCount "115"]
[EventDate "2023.09.07"]
[EventType "swiss"]
[EventRounds "5"]
[EventCountry "CAN"]

1. Nf3 d5 2. c4 c6 3. e3 Bg4 4. cxd5 Qxd5 5. Nc3 Bxf3 6. gxf3 Qd8 7. Qb3 Qb6 8.
Bc4 Qxb3 9. Bxb3 e6 10. Rg1 g6 11. d4 Bg7 12. Bd2 Nf6 13. Rc1 Nbd7 14. f4 O-O
15. f3 Rad8 16. Na4 Nd5 17. Ke2 Rc8 18. Rgd1 Bh6 19. Kf2 Rfe8 20. Nc3 N7f6 21.
Ne2 Nh5 22. Rc2 f5 23. Rdc1 Nhf6 24. a3 Bf8 25. Ng1 Bd6 26. Nh3 Re7 27. Ke2 Rg7
28. Nf2 Kh8 29. Nd3 g5 30. Rg1 gxf4 31. Rxg7 Kxg7 32. Nxf4 Nxf4+ 33. exf4 Nd5
34. Bxd5 exd5 35. Kf2 Kf6 36. Rc1 c5 37. dxc5 Bxc5+ 38. Kf1 Rc6 39. Bc3+ d4 40.
Bd2 Bf8 41. Ke2 Rxc1 42. Bxc1 b5 43. Kd3 Bc5 44. Bd2 Kg6 45. Be1 Kh5 46. Bf2
Bd6 47. Bg3 Bc5 48. b4 Bb6 49. Bf2 a6 50. Bxd4 Bc7 51. Be5 Bb6 52. Bd4 Bd8 53.
Be5 Kh4 54. Kd4 Bb6+ 55. Kd5 Bg1 56. Ke6 Bxh2 57. Kxf5 Kg3 58. Ke4 1-0

[Event "Montcalm 1 2023-24"]
[Site "Quebec CAN"]
[Date "2023.09.28"]
[Round "4"]
[White "Lapierre, Gaetan"]
[Black "Duguay-Piron, Simon"]
[Result "0-1"]
[WhiteElo "1752"]
[BlackElo "1589"]
[PlyCount "110"]
[EventDate "2023.09.07"]
[EventType "swiss"]
[EventRounds "5"]
[EventCountry "CAN"]

1. e4 c5 2. Nc3 Nc6 3. g3 g6 4. Bg2 Bg7 5. d3 d6 6. Nge2 Nf6 7. O-O O-O 8. f4
Bg4 9. h3 Bxe2 10. Nxe2 e5 11. c4 exf4 12. gxf4 Nh5 13. Bf3 Qh4 14. Kg2 f5 15.
Bxh5 Qxh5 16. Ng3 Qxd1 17. Rxd1 fxe4 18. Nxe4 Rad8 19. Bd2 Nd4 20. Rf1 b6 21.
Rae1 d5 22. cxd5 Rxd5 23. Bc3 Nf5 24. Bxg7 Kxg7 25. Ng5 Rf6 26. Re8 h6 27. Ne4
Ne3+ 28. Kg1 Nxf1 29. Nxf6 Kxf6 30. Kxf1 Rxd3 31. Ke2 Rxh3 32. Ra8 Rh2+ 33. Kf3
Rxb2 34. Rxa7 g5 35. fxg5+ hxg5 36. a4 Rb3+ 37. Kg4 Rb4+ 38. Kg3 Ke5 39. a5
bxa5 40. Rxa5 Kd5 41. Ra8 Rf4 42. Rg8 Rf7 43. Rxg5+ Kd4 44. Rg8 c4 45. Rd8+ Ke3
46. Re8+ Kd2 47. Rd8+ Kc2 48. Rc8 c3 49. Rc6 Kb2 50. Rb6+ Kc1 51. Rc6 c2 52.
Rc8 Rd7 53. Rh8 Kd2 54. Rh2+ Kc3 55. Rh1 Rd1 0-1

[Event "Montcalm 1 2023-24"]
[Site "Quebec CAN"]
[Date "2023.09.28"]
[Round "4"]
[White "Plante, Rejean"]
[Black "Desbiens, Raphael"]
[Result "1-0"]
[WhiteElo "1949"]
[BlackElo "2134"]
[PlyCount "83"]
[EventDate "2023.09.07"]
[EventType "swiss"]
[EventRounds "5"]
[EventCountry "CAN"]

1. d4 Nf6 2. c4 g6 3. Nc3 d5 4. Nf3 Bg7 5. Bf4 O-O 6. e3 c5 7. cxd5 Nxd5 8. Be5
Nc6 9. Bxg7 Kxg7 10. Bc4 Nxc3 11. bxc3 Qa5 12. Qb3 cxd4 13. Nxd4 Bd7 14. O-O
Qc7 15. Be2 Na5 16. Qb4 e5 17. Nb5 Bxb5 18. Bxb5 a6 19. Be2 Rac8 20. Rac1 Rfd8
21. Rc2 Rd5 22. Rfc1 Rc5 23. a4 Rd8 24. Rb1 Rd6 25. f4 Rdc6 26. Bf3 Rc4 27. Qb2
e4 28. Be2 Rxa4 29. c4+ f6 30. Rd2 Raxc4 31. Rbd1 Rc1 32. Qd4 Nb3 33. Qd7+ Kh6
34. Qh3+ Kg7 35. Rd7+ Qxd7 36. Qxd7+ Kh6 37. Rxc1 Rxc1+ 38. Kf2 Nc5 39. Qd2 Rh1
40. Qd4 Rc1 41. Qxf6 Rc2 42. Qf8# 1-0

[Event "Montcalm 1 2023-24"]
[Site "Quebec CAN"]
[Date "2023.09.28"]
[Round "4"]
[White "Sarra-Bournet, Marc"]
[Black "Simmons, Eric Andrew"]
[Result "0-1"]
[WhiteElo "1918"]
[BlackElo "1771"]
[PlyCount "159"]
[EventDate "2023.09.07"]
[EventType "swiss"]
[EventRounds "5"]
[EventCountry "CAN"]

1. e4 e6 2. d4 d5 3. Nd2 dxe4 4. Nxe4 Nf6 5. Bd3 Nc6 6. Nf3 Be7 7. O-O O-O 8.
c3 b6 9. Qe2 Bb7 10. Bg5 Nb8 11. Ng3 Nbd7 12. Rad1 Rb8 13. Rfe1 Nd5 14. Bxe7
Qxe7 15. Qc2 N7f6 16. Re5 Nf4 17. Nf5 Qd7 18. N5h4 Nxd3 19. Qxd3 h6 20. Qd2 Ng4
21. Ree1 Qd8 22. h3 Nf6 23. Ne5 Ne4 24. Qf4 g5 25. Qg4 f5 26. Qh5 gxh4 27. Qg6+
Kh8 28. Qxh6+ Kg8 29. Qxe6+ Kh7 30. Qg6+ Kh8 31. Nf7+ Rxf7 32. Qxf7 Qg5 33. f3
Rg8 34. Re2 Nd6 35. Qe7 Bxf3 36. Qxg5 Rxg5 37. Rdd2 Bxe2 38. Rxe2 Ne4 39. c4
Kg7 40. c5 Rg3 41. cxb6 axb6 42. Rc2 c5 43. dxc5 Nxc5 44. Rc4 Ne4 45. Rb4 Rg6
46. Rb5 Rf6 47. a4 Kg6 48. Rb3 Kg5 49. Ra3 Rc6 50. Ra1 Nd2 51. b4 Nb3 52. Ra3
Rc3 53. a5 bxa5 54. bxa5 Rc1+ 55. Kh2 Nd4 56. a6 Rc8 57. a7 Ra8 58. Ra5 Nc6 59.
Ra6 Ne7 60. Ra5 Nc8 61. g4 hxg3+ 62. Kxg3 Rxa7 63. h4+ Kf6 64. Rc5 Ne7 65. Rb5
Ra3+ 66. Kg2 Ng6 67. Rb6+ Kg7 68. Rb4 Kh6 69. Kf2 Kh5 70. Rb1 Nxh4 71. Rh1 f4
72. Ke2 f3+ 73. Kf2 Kg4 74. Rg1+ Ng2 75. Rc1 Ra2+ 76. Kg1 Kg3 77. Kh1 Re2 78.
Rf1 Re1 79. Rxe1 Nxe1 80. Kg1 0-1

[Event "Montcalm 1 2023-24"]
[Site "Quebec CAN"]
[Date "2023.10.05"]
[Round "5"]
[White "Brown, Zachary"]
[Black "Sarra-Bournet, Marc"]
[Result "1-0"]
[WhiteElo "1537"]
[BlackElo "1918"]
[PlyCount "121"]
[EventDate "2023.09.07"]
[EventType "swiss"]
[EventRounds "5"]
[EventCountry "CAN"]

1. e4 e5 2. Nf3 Nc6 3. Bc4 Bc5 4. c3 Nf6 5. d4 exd4 6. e5 d5 7. Bb5 Ne4 8. cxd4
Bb4+ 9. Bd2 Nxd2 10. Nbxd2 Bd7 11. Be2 O-O 12. O-O Bf5 13. Rc1 Rc8 14. a3 Ba5
15. Nb3 Bb6 16. Nc5 Bxc5 17. Rxc5 f6 18. Qb3 Be4 19. Qxb7 Bxf3 20. Bxf3 Nxd4
21. Qxd5+ Kh8 22. exf6 Qxd5 23. Bxd5 Rxf6 24. Bb7 Rcf8 25. Rxc7 Rb6 26. Be4
Rxb2 27. Rxa7 Ne2+ 28. Kh1 Rbb8 29. a4 Rbd8 30. a5 Rxf2 31. Ra1 Rff8 32. Re7
Nc3 33. Bf3 Nd5 34. Bxd5 Rxd5 35. a6 Ra5 36. Ree1 Rxa1 37. Rxa1 Ra8 38. g3 Kg8
39. Kg2 Kf7 40. h4 Ke7 41. g4 Ra7 42. Kf3 Kd6 43. Kf4 Kc5 44. g5 Kb6 45. Kf5
Kc6 46. Ke6 Kc5 47. Kf5 Kd6 48. Ra5 Rf7+ 49. Kg4 Ra7 50. h5 Kc6 51. Ra3 Kb5 52.
Rb3+ Kc6 53. Rb7 Rxa6 54. Rxg7 Ra4+ 55. Kf5 Ra5+ 56. Kf6 h6 57. Rg6 hxg5 58.
Rxg5 Ra1 59. h6 Rh1 60. Kg7 Kd6 61. h7 1-0

[Event "Montcalm 1 2023-24"]
[Site "Quebec CAN"]
[Date "2023.10.05"]
[Round "5"]
[White "Desbiens, Raphael"]
[Black "Glode, Martin"]
[Result "1-0"]
[WhiteElo "2134"]
[BlackElo "1899"]
[PlyCount "111"]
[EventDate "2023.09.07"]
[EventType "swiss"]
[EventRounds "5"]
[EventCountry "CAN"]

1. e4 d6 2. d4 Nf6 3. Nc3 e5 4. Nf3 Nbd7 5. Bc4 Be7 6. Bxf7+ Kxf7 7. Ng5+ Kg8
8. Ne6 Qe8 9. Nxc7 Qg6 10. Nxa8 Qxg2 11. Rf1 exd4 12. Qxd4 Ne5 13. f3 Bh3 14.
Qf2 Qxf1+ 15. Qxf1 Bxf1 16. Kxf1 Nxf3 17. h3 Nd4 18. Bg5 Kf7 19. Nc7 Nxc2 20.
Rd1 h6 21. Bc1 Nb4 22. N7b5 Rd8 23. Nxa7 d5 24. a3 d4 25. Ne2 d3 26. Nc3 Bc5
27. Nab5 Nc6 28. Nc7 Ne5 29. N7d5 Nxe4 30. Nxe4 Rxd5 31. b3 Bd4 32. Bd2 Nf3 33.
Bb4 Be3 34. Nd6+ Ke6 35. Ne8 Kf7 36. Nd6+ Ke6 37. a4 Nh4 38. Re1 Re5 39. Rd1
Rd5 40. Re1 Re5 41. Bc3 Nf3 42. Bxe5 Nxe1 43. Nc4 Nc2 44. Bxg7 Bg5 45. Nb2 Ne3+
46. Kf2 d2 47. Ke2 Nf5 48. Bc3 Ng3+ 49. Kf3 Nf5 50. Nd1 Kd5 51. Ke2 Ng3+ 52.
Kd3 Ne4 53. b4 h5 54. h4 Bf4 55. a5 Bg3 56. Ne3+ 1-0

[Event "Montcalm 1 2023-24"]
[Site "Quebec CAN"]
[Date "2023.10.05"]
[Round "5"]
[White "Diotte, Jean-Raymond"]
[Black "Dumont, Eric"]
[Result "0-1"]
[WhiteElo "1353"]
[BlackElo "1720"]
[PlyCount "92"]
[EventDate "2023.09.07"]
[EventType "swiss"]
[EventRounds "5"]
[EventCountry "CAN"]

1. d4 d5 2. c4 c6 3. Nc3 Nf6 4. e3 Nbd7 5. Nf3 g6 6. h3 Bg7 7. Bd3 O-O 8. Bd2
dxc4 9. Bxc4 Nb6 10. Bd3 Nbd5 11. Rc1 Nd7 12. Nxd5 cxd5 13. O-O e5 14. dxe5
Nxe5 15. Nxe5 Bxe5 16. Qb3 Be6 17. Qa3 Qd7 18. f4 Bg7 19. Bc3 d4 20. Bd2 dxe3
21. Bxe3 Rfe8 22. Be4 Bxh3 23. Rfd1 Qe6 24. Bxb7 Bg4 25. Rd6 Bxb2 26. Rxe6 Bxa3
27. Bxa8 Bxe6 28. Rc3 Bb2 29. Rc2 Bg7 30. Bf3 Bf5 31. Re2 Bd3 32. Bc6 Re6 33.
Bd5 Bxe2 34. Bxe6 fxe6 35. Bxa7 Bb5 36. Kf2 e5 37. Bb8 exf4 38. Bxf4 Bd4+ 39.
Be3 Bxe3+ 40. Kxe3 Kf7 41. Kf4 Kf6 42. g3 h5 43. Ke3 Kf5 44. Kf3 Bc6+ 45. Ke3
Kg4 46. Kf2 g5 0-1

[Event "Montcalm 1 2023-24"]
[Site "Quebec CAN"]
[Date "2023.10.05"]
[Round "5"]
[White "Duguay-Piron, Simon"]
[Black "Cournoyer, Dominic"]
[Result "0-1"]
[WhiteElo "1589"]
[BlackElo "1922"]
[PlyCount "78"]
[EventDate "2023.09.07"]
[EventType "swiss"]
[EventRounds "5"]
[EventCountry "CAN"]

1. e4 d5 2. exd5 Nf6 3. d4 Nxd5 4. c4 Nf6 5. Nc3 g6 6. Nf3 Bg7 7. Bd3 O-O 8. h3
Nbd7 9. O-O Nb6 10. Be3 c6 11. Qd2 Re8 12. Rad1 Nbd7 13. Bc2 b6 14. d5 cxd5 15.
cxd5 Bb7 16. b4 Rc8 17. Bb3 Ng4 18. Bd4 Nge5 19. Ng5 h6 20. Nge4 Nc4 21. Qe2
Bxd4 22. Rxd4 Nd6 23. h4 Nf6 24. Nxf6+ exf6 25. Qd2 Re5 26. Ne2 Ba6 27. Re1 Qe7
28. Bd1 Re8 29. Kf1 f5 30. a4 Ne4 31. Rxe4 Rxe4 32. b5 Qxh4 33. Kg1 Bb7 34. d6
Qg5 35. f4 Qg4 36. d7 Rd8 37. Ng3 Qxg3 38. Rxe4 Bxe4 39. Bc2 Qxg2+ 0-1

[Event "Montcalm 1 2023-24"]
[Site "Quebec CAN"]
[Date "2023.10.05"]
[Round "5"]
[White "Fecteau, Martin"]
[Black "Drolet, Stephane"]
[Result "0-1"]
[WhiteElo "1914"]
[BlackElo "2020"]
[PlyCount "144"]
[EventDate "2023.09.07"]
[EventType "swiss"]
[EventRounds "5"]
[EventCountry "CAN"]

1. d4 e6 2. Nf3 f5 3. Bf4 Nf6 4. e3 b6 5. Bd3 Bb7 6. O-O g6 7. h3 Bg7 8. Nbd2
O-O 9. Ne5 d6 10. Nef3 Qe7 11. Bc4 h6 12. c3 Nbd7 13. Qb3 Rae8 14. Bh2 Kh7 15.
Ne1 g5 16. Be2 e5 17. Bd3 e4 18. Be2 Rg8 19. Bc4 d5 20. Be2 c5 21. Nc2 c4 22.
Qa4 a5 23. Na3 Rc8 24. Qd1 Bc6 25. Nc2 Bf8 26. b3 b5 27. f3 Qe6 28. fxe4 Nxe4
29. Nxe4 dxe4 30. bxc4 bxc4 31. Qd2 Qd5 32. Rf2 Be7 33. Raf1 Rgf8 34. Bd1 Rce8
35. Qe2 Nb6 36. Ne1 Qd7 37. Qb2 Nd5 38. Qd2 f4 39. Nc2 Bd6 40. Bg4 Qb7 41. Qc1
Ba4 42. exf4 gxf4 43. Ne1 Ne3 44. Rb2 Qg7 45. Rff2 Nxg4 46. hxg4 Qxg4 47. Rb7+
Kh8 48. Rb6 Re6 49. Rxd6 Rxd6 50. Qa3 e3 51. Rf3 Qd7 52. Bxf4 Rxf4 53. Rxf4 Bc6
54. Qc5 Qe7 55. Qe5+ Qxe5 56. dxe5 Rd1 57. Kf1 Bd5 58. Ke2 Rd2+ 59. Kxe3 Rxa2
60. Kd4 Bg8 61. Rf6 Kg7 62. Ra6 a4 63. Nf3 Rxg2 64. Rxa4 Rg4+ 65. Ke3 Bd5 66.
Nd4 Re4+ 67. Kd2 Rxe5 68. Ra5 Kf6 69. Ra7 h5 70. Nc2 Kg6 71. Ne3 Be6 72. Rc7
Re4 0-1

[Event "Montcalm 1 2023-24"]
[Site "Quebec CAN"]
[Date "2023.10.05"]
[Round "5"]
[White "Marquis, Paul"]
[Black "Genest, Dominic"]
[Result "0-1"]
[WhiteElo "1962"]
[BlackElo "1734"]
[PlyCount "94"]
[EventDate "2023.09.07"]
[EventType "swiss"]
[EventRounds "5"]
[EventCountry "CAN"]

1. e4 e6 2. d4 d5 3. e5 c5 4. c3 Nc6 5. Nf3 Bd7 6. a3 c4 7. Bg5 Qb6 8. Qc2 Be7
9. Nbd2 f6 10. exf6 Nxf6 11. Rb1 O-O 12. Be2 e5 13. Bxc4 dxc4 14. Nxc4 Qc7 15.
Ncxe5 Nxe5 16. Nxe5 Be6 17. O-O Ng4 18. Bxe7 Qxe7 19. Nxg4 Bxg4 20. Rbe1 Qf7
21. f3 Be6 22. Re5 Bb3 23. Qe4 Rfe8 24. Re1 Rxe5 25. Qxe5 Ba4 26. Qe6 Re8 27.
Qxf7+ Kxf7 28. Re4 Rxe4 29. fxe4 Bc2 30. e5 Bb3 31. Kf2 Ke6 32. Ke3 g5 33. Kd3
Kd5 34. Ke3 b5 35. g3 h6 36. h4 Ke6 37. hxg5 hxg5 38. Ke4 Bc2+ 39. Kf3 Kf5 40.
Ke3 g4 41. Kf2 Bb3 42. Ke3 Bc4 43. Kf2 Ke4 44. Kg2 Ke3 45. Kg1 Kf3 46. Kh2 Kf2
47. b4 a6 0-1

[Event "Montcalm 1 2023-24"]
[Site "Quebec CAN"]
[Date "2023.10.05"]
[Round "5"]
[White "Oliver, Vance"]
[Black "Sauve, Richard"]
[Result "0-1"]
[WhiteElo "1599"]
[BlackElo "1981"]
[PlyCount "80"]
[EventDate "2023.09.07"]
[EventType "swiss"]
[EventRounds "5"]
[EventCountry "CAN"]

1. e4 e6 2. d4 d5 3. Nd2 Nf6 4. e5 Nfd7 5. Bd3 c5 6. c3 Nc6 7. Ndf3 Be7 8. Ne2
O-O 9. O-O Qb6 10. a3 a5 11. Bc2 c4 12. a4 Qd8 13. Ng3 f6 14. Re1 fxe5 15. dxe5
Rf7 16. h3 Nf8 17. Bd2 Bd7 18. Qb1 Be8 19. Nh2 d4 20. Be4 dxc3 21. Bxc3 Qb6 22.
Re2 Nd4 23. Bxd4 Qxd4 24. Nf3 Qb6 25. Qc2 Rc8 26. Rc1 Qb4 27. Ra1 Bc6 28. Nd2
Bxe4 29. Ngxe4 Ng6 30. Nf3 Nf4 31. Re3 Nd5 32. Neg5 Rf5 33. Nxe6 Nxe3 34. fxe3
g6 35. Qe4 Qxb2 36. Rd1 c3 37. Ned4 c2 38. Qd5+ Kh8 39. Nxf5 cxd1=Q+ 40. Qxd1
Rc1 0-1

[Event "Montcalm 1 2023-24"]
[Site "Quebec CAN"]
[Date "2023.10.05"]
[Round "5"]
[White "Simmons, Eric Andrew"]
[Black "Laflamme, Simon"]
[Result "1/2-1/2"]
[WhiteElo "1771"]
[BlackElo "1893"]
[PlyCount "82"]
[EventDate "2023.09.07"]
[EventType "swiss"]
[EventRounds "5"]
[EventCountry "CAN"]

1. e4 e6 2. d4 d5 3. e5 c5 4. c3 Nc6 5. Nf3 Nge7 6. Bd3 Nf5 7. O-O cxd4 8. Bxf5
exf5 9. cxd4 Be7 10. Nc3 Be6 11. Be3 O-O 12. Qd2 Rc8 13. Rac1 Qa5 14. a3 b5 15.
Ra1 Rc7 16. b4 Qb6 17. Ne1 Rfc8 18. Ne2 a5 19. Nd3 axb4 20. axb4 Ra7 21. Nc5
Rca8 22. Rxa7 Qxa7 23. Nf4 Bxc5 24. bxc5 Qa3 25. Nd3 Ra4 26. Nb2 Rb4 27. Nd3
Ra4 28. Nb2 Rb4 29. Nd1 f4 30. Bxf4 Rxd4 31. Qe3 Rd3 32. Qe2 Nd4 33. Qe1 Qxc5
34. Be3 Qa3 35. Bxd4 Rxd4 36. Nc3 Qa5 37. Qa1 Qxa1 38. Rxa1 g6 39. Nxb5 Re4 40.
Rd1 Rxe5 41. f3 Bd7 1/2-1/2

[Event "Montcalm 2 2023-24"]
[Site "Quebec CAN"]
[Date "2023.10.12"]
[Round "1"]
[White "Auger, Bertrand"]
[Black "Brown, Zachary"]
[Result "1/2-1/2"]
[WhiteElo "1974"]
[BlackElo "1566"]
[PlyCount "170"]
[EventDate "2023.10.12"]
[EventType "swiss"]
[EventRounds "5"]
[EventCountry "CAN"]

1. Nf3 Nf6 2. g3 d5 3. Bg2 Bf5 4. O-O Nbd7 5. c4 e5 6. cxd5 Nxd5 7. d3 Be6 8.
Nc3 h6 9. d4 Nxc3 10. bxc3 exd4 11. cxd4 c6 12. e4 Nf6 13. Qe2 Be7 14. Bb2 O-O
15. Ne5 Re8 16. f4 Qa5 17. f5 Bc8 18. Qc4 Rf8 19. Ng6 Re8 20. Nf4 Qb4 21. Qc1
Qa5 22. a3 Bd7 23. Bc3 Qc7 24. e5 Nh7 25. e6 fxe6 26. fxe6 Bc8 27. Re1 Bg5 28.
Bd2 Qb6 29. Be3 Qa6 30. Bf1 Qa5 31. Qc4 Bxf4 32. Bxf4 Qd5 33. Re5 Qxc4 34. Bxc4
Nf6 35. e7+ Nd5 36. Rae1 Kf7 37. Bd2 Bh3 38. R1e2 Rac8 39. Rf2+ Kg8 40. Bb4 b6
41. Rf8+ Kh7 42. Bd3+ g6 43. Rf7+ Kg8 44. Bxg6 Nxb4 45. axb4 c5 46. dxc5 bxc5
47. bxc5 Rc6 48. Bh5 Ra6 49. Rg7+ Kxg7 50. Bxe8 Kf6 51. Re1 Re6 52. Rxe6+ Kxe6
53. Bb5 Kxe7 54. Kf2 Kd8 55. Ke3 h5 56. Kd4 Kc7 57. Ke5 Bg4 58. h4 Bf3 59. Be8
Bd1 60. Kd4 Bg4 61. Kc4 Be2+ 62. Kb4 Kb7 63. Ka5 a6 64. Ba4 Kc7 65. Kb4 Kb7 66.
Kc3 Kc7 67. Kd4 Bg4 68. Ke5 Be2 69. Ke6 Bg4+ 70. Ke7 Be2 71. Kf6 Bg4 72. Kg5
Bf3 73. Be8 a5 74. Ba4 Be2 75. Kf6 Bg4 76. Ke5 Be2 77. Kd4 Bg4 78. Be8 Bd1 79.
Kc3 Kd8 80. Bb5 Kc7 81. Kb2 Kb7 82. Ka3 Kc7 83. Be8 Kb7 84. Bd7 Kc7 85. Be8 Kb7
1/2-1/2

[Event "Montcalm 2 2023-24"]
[Site "Quebec CAN"]
[Date "2023.10.12"]
[Round "1"]
[White "Bergeron, Nicolas"]
[Black "Laflamme, Simon"]
[Result "1-0"]
[WhiteElo "1322"]
[BlackElo "1895"]
[PlyCount "141"]
[EventDate "2023.10.12"]
[EventType "swiss"]
[EventRounds "5"]
[EventCountry "CAN"]

1. d4 d5 2. c4 e6 3. Nf3 c5 4. cxd5 exd5 5. Nc3 Nc6 6. g3 Nf6 7. Bg2 Be7 8. O-O
O-O 9. Ne5 Nxd4 10. Nxd5 Nxd5 11. e3 Nc6 12. Nxf7 Rxf7 13. Bxd5 Kf8 14. Bxf7
Qxd1 15. Rxd1 Kxf7 16. Bd2 Bf6 17. Bc3 Bxc3 18. bxc3 Be6 19. e4 Rd8 20. f4 g6
21. Kf2 Rxd1 22. Rxd1 Ke7 23. Rd2 Na5 24. Kf3 Nc4 25. Re2 Bd7 26. g4 Bc6 27. f5
gxf5 28. gxf5 Kf6 29. Kf4 Ne5 30. Rd2 Nc4 31. e5+ Ke7 32. Rd1 Nb2 33. Rd6 Nc4
34. f6+ Kf7 35. Rd1 Ke6 36. Rg1 Nxe5 37. Re1 Kxf6 38. Rxe5 b6 39. Rf5+ Kg6 40.
Ke5 Bb5 41. Rf6+ Kg7 42. Re6 Kf7 43. Kd6 a5 44. Re7+ Kg6 45. Rb7 Bc4 46. Rxb6
Bxa2 47. Kxc5+ Kg5 48. Rb5 Kg4 49. Rxa5 Bb1 50. Kd4 Bg6 51. Ra2 Bf7 52. Rf2 Bg6
53. c4 Kh3 54. c5 Be8 55. Kd5 h5 56. c6 Bxc6+ 57. Kxc6 h4 58. Rf4 Kxh2 59.
Rxh4+ Kg3 60. Re4 Kf3 61. Kd5 Kg3 62. Ke5 Kf3 63. Kf5 Kg3 64. Rf4 Kh3 65. Rg4
Kh2 66. Kf4 Kh3 67. Kf3 Kh2 68. Rg3 Kh1 69. Kf2 Kh2 70. Rf3 Kh1 71. Rh3# 1-0

[Event "Montcalm 2 2023-24"]
[Site "Quebec CAN"]
[Date "2023.10.12"]
[Round "1"]
[White "Drolet, Stephane"]
[Black "Oliver, Vance"]
[Result "1/2-1/2"]
[WhiteElo "2048"]
[BlackElo "1607"]
[PlyCount "69"]
[EventDate "2023.10.12"]
[EventType "swiss"]
[EventRounds "5"]
[EventCountry "CAN"]

1. d4 Nf6 2. c4 g6 3. Nc3 Bg7 4. e4 d6 5. Be2 O-O 6. Bg5 Nbd7 7. Qd2 e5 8. d5
Nc5 9. f3 a5 10. h4 Qe8 11. Nb5 Qd7 12. g4 h5 13. Bxf6 Bxf6 14. gxh5 Kh7 15.
hxg6+ fxg6 16. h5 g5 17. Nc3 Qg7 18. O-O-O g4 19. Kb1 Bg5 20. Qe1 Bh6 21. fxg4
Bxg4 22. Qh4 Rf4 23. Bxg4 Rxg4 24. Qh3 Rf8 25. Nge2 Kh8 26. Rhg1 Rg8 27. Qh1
Qh7 28. Rxg4 Rxg4 29. Qf3 Nxe4 30. Ka1 Nxc3 31. Qxc3 b6 32. Rg1 Rxg1+ 33. Nxg1
Bg7 34. Ne2 Qxh5 35. Qe1 1/2-1/2

[Event "Montcalm 2 2023-24"]
[Site "Quebec CAN"]
[Date "2023.10.12"]
[Round "1"]
[White "Duguay-Piron, Simon"]
[Black "Desbiens, Raphael"]
[Result "1-0"]
[WhiteElo "1611"]
[BlackElo "2125"]
[PlyCount "71"]
[EventDate "2023.10.12"]
[EventType "swiss"]
[EventRounds "5"]
[EventCountry "CAN"]

1. e4 e5 2. Nf3 Nc6 3. d4 exd4 4. Nxd4 Bc5 5. Be3 Qf6 6. c3 Nge7 7. g3 d5 8.
Bg2 Nxd4 9. cxd4 Bb4+ 10. Nc3 dxe4 11. Qa4+ Nc6 12. O-O Bxc3 13. bxc3 O-O 14.
Bxe4 Ne7 15. Bf4 Ng6 16. Be3 a5 17. Rab1 Ra7 18. d5 b6 19. Bd4 Qd6 20. c4 Ne5
21. Qc2 f5 22. Bg2 Nd7 23. Qc3 g6 24. Rfe1 Nc5 25. Bh8 c6 26. Be5 Qd8 27. dxc6
Ne4 28. Qb2 Re7 29. Bxe4 fxe4 30. Bf6 Qe8 31. Bxe7 Qxe7 32. Qd4 Qf7 33. Rxe4
Bf5 34. Rf4 g5 35. Rf3 Qh5 36. Qd5+ 1-0